000 01174nam a22003017a 4500
005 20110804121023.0
008 110804t xxu||||| |||| 00| 0 eng d
010 _aENG-103222
020 _a9788180386961
_c1895.00
035 _aEN-86755
037 _bDBAD / PUB
040 _adpl
_bEnglish
082 _a614
100 _929868
_aModi, Jaising P. (Jaising Prabhudas)
_d1954-
245 _aA textbook of medical jurisprudence and toxicology /
_cby Jaisingh P. Modi ; edited by K. Kannan [and] Karunakaran Mathiharan
250 _a24th ed
260 _aGurgaon
_bLexisNexis Butterworths
_c2011
270 _a14th Floor, Building No. 10, Tower-B, DLF Cyber City, Phase-II
_bGurgaon
_e122002
_k91-124-4774444
_l91-124-4774100
300 _acxxx,924,567p. :
_c25cm (Hb)
_bill.,col. photos
500 _aIncludes indexes
650 _929869
_aMedical jurisprudence
650 _aToxicology.
_931251
651 _91549
700 _929871
_aKannan, K.
700 _aMathiharan, K.
_931252
942 _2ddc
_cEN
_mMOD
_h614
999 _c54857
_d54857